Specifika transformačního procesu ČR : (závěrečná etapa výzkumného úkolu) /

Main Author: Ondrčka, Pavel, 1935-
Corporate Author: Masarykova univerzita. Ekonomicko-správní fakulta
Language: Czech
Published: Brno : Masarykova univerzita, 2002
Edition: 1. vyd.
Series: Sborník prací Ekonomicko-správní fakulty Masarykovy univerzity v Brně
Physical Description: 239 s. ; 21 cm
Book
Saved in:
LEADER 01487nam a2200373 a 4500
001 000603814
003 CZ BrMZK
005 20100218124851.0
008 020531s2002 xr f cze d
015 |a cnb001123591 
020 |a 80-210-2783-5 
035 |a (OCoLC)51190898 
040 |a BOA001  |b cze 
043 |a e-xr--- 
072 7 |a 330.5+338  |x Národní hospodářství a hospodářská politika  |2 Konspekt  |9 4 
080 |a 338  |2 MRF 
080 |a 338.2  |2 MRF 
080 |a (437.3)  |2 MRF 
080 |a (062.552)  |2 MRF 
100 1 |a Ondrčka, Pavel,  |d 1935-  |7 mzk2003175505  |4 aut 
245 1 0 |a Specifika transformačního procesu ČR :  |b (závěrečná etapa výzkumného úkolu) /  |c vedoucí úkolu: Pavel Ondrčka 
250 |a 1. vyd. 
260 |a Brno :  |b Masarykova univerzita,  |c 2002 
300 |a 239 s. ;  |c 21 cm 
490 1 |a Sborník prací Ekonomicko-správní fakulty Masarykovy univerzity v Brně ;  |v 1/2002 
504 |a Obsahuje bibliografii 
650 0 7 |a hospodářská politika  |7 ph114701  |z Česko  |2 czenas 
650 0 7 |a ekonomická transformace  |7 ph114426  |z Česko  |2 czenas 
655 7 |a sborníky  |7 fd163935  |2 czenas 
710 2 |a Masarykova univerzita.  |b Ekonomicko-správní fakulta  |7 kn20010709273 
830 0 |a Sborník prací Ekonomicko-správní fakulty Masarykovy univerzity v Brně 
910 |a BOA001  |b 02388-1057.835 
990 |a BK 
996 6 |b 2610163453  |c 02388-1057.835  |d 2002 1  |v 1  |y 2002  |l MZK  |r Sklad / do 1 hodiny  |n 4  |p p.v.  |w 000413252  |u 000120  |a 1  |e BOA001  |j MZK50  |s P